5HLuxD.jpg

KING HENRY VIII SENIOR AND PRIMARY SCHOOL LIBRARY OPAC

Tuttle compact Japanese dictionary / (Record no. 5720)

000 -LEADER
fixed length control field 01745cam a2200373 i 4500
001 - CONTROL NUMBER
control field 16614123
003 - CONTROL NUMBER IDENTIFIER
control field OSt
005 - DATE AND TIME OF LATEST TRANSACTION
control field 20251027090911.0
008 - FIXED-LENGTH DATA ELEMENTS--GENERAL INFORMATION
fixed length control field 110118s2011 vtu d 000 0 jpn
010 ## - LIBRARY OF CONGRESS CONTROL NUMBER
LC control number 2011921097
020 ## - INTERNATIONAL STANDARD BOOK NUMBER
International Standard Book Number 9784805314319
035 ## - SYSTEM CONTROL NUMBER
System control number 16614123
040 ## - CATALOGING SOURCE
Original cataloging agency DLC
Language of cataloging eng
Description conventions rda
Transcribing agency DLC
Modifying agency DLC
-- KH8
041 0# - LANGUAGE CODE
Language code of text/sound track or separate title jpn
-- eng
042 ## - AUTHENTICATION CODE
Authentication code pcc
082 00 - DEWEY DECIMAL CLASSIFICATION NUMBER
Classification number 495.63 MAR
Edition number 23
100 1# - MAIN ENTRY--PERSONAL NAME
Personal name Martin, Samuel E.
Fuller form of name (Samuel Elmo),
Dates associated with a name 1924-2009,
Relator term author.
245 10 - TITLE STATEMENT
Title Tuttle compact Japanese dictionary /
Statement of responsibility, etc. Samuel E. Martin ; revised and updated by Sakaya Khan and Fred Perry.
246 30 - VARYING FORM OF TITLE
Title proper/short title Compact Japanese dictionary
250 ## - EDITION STATEMENT
Edition statement Revised edition.
264 #1 - PRODUCTION, PUBLICATION, DISTRIBUTION, MANUFACTURE, AND COPYRIGHT NOTICE
Place of production, publication, distribution, manufacture North Clarendon, VT :
Name of producer, publisher, distributor, manufacturer Tuttle Publishing,
Date of production, publication, distribution, manufacture, or copyright notice [2011]
300 ## - PHYSICAL DESCRIPTION
Extent xxix, 478 pages ;
Dimensions 19 cm.
336 ## - CONTENT TYPE
Content type term text
Content type code txt
Source rdacontent
337 ## - MEDIA TYPE
Media type term unmediated
Media type code n
Source rdamedia
338 ## - CARRIER TYPE
Carrier type term volume
Carrier type code nc
Source rdacarrier
500 ## - GENERAL NOTE
General note Originally published in 1994 under the title Martin's concise Japanese dictionary.
520 ## - SUMMARY, ETC.
Summary, etc. The Tuttle Japanese Dictionary is a completely updated dictionary dwsigned for students and business people who are living in Japan and using Japanese on a daily basis. Its greatest advantage is that it contains many recent idiomatic expressions which have become popular in the past several years and which are not normally found in other competing dictionaries. It also contains a comprehensive pronunciation guide and detailed notes on Japanese grammar.
650 #0 - SUBJECT ADDED ENTRY--TOPICAL TERM
Topical term or geographic name entry element Japanese language
Form subdivision Dictionaries
General subdivision English.
650 #0 - SUBJECT ADDED ENTRY--TOPICAL TERM
Topical term or geographic name entry element English language
Form subdivision Dictionaries
General subdivision Japanese.
655 #7 - INDEX TERM--GENRE/FORM
Genre/form data or focus term Dictionaries.
Source of term lcgft
Authority record control number or standard number https://id.loc.gov/authorities/genreForms/gf2014026086
700 1# - ADDED ENTRY--PERSONAL NAME
Personal name Khan, Sakaya
700 1# - ADDED ENTRY--PERSONAL NAME
Personal name Perry, Fred Thomas.
942 ## - ADDED ENTRY ELEMENTS (KOHA)
Source of classification or shelving scheme
Koha item type Reference
Holdings
Withdrawn status Lost status Source of classification or shelving scheme Damaged status Not for loan Collection code Permanent Location Current Location Shelving location Date acquired Full call number Barcode Date last seen Price effective from Koha item type
          Reference KH8 Senior School Library KH8 Senior School Library Reference 2025-10-27 495.63 MAR 3KHSL000102454 2025-10-27 2025-10-27 Reference

Powered By KH8 IT Dept